Valuation of owner-occupied property for financial statements : annexes to the discussion paper prepared by the RICS Property Valuation Forum (Record no. 102136)

MARC details
000 -LEADER
fixed length control field 00793cam a2200205 4500
001 - CONTROL NUMBER
control field J118394
008 - FIXED-LENGTH DATA ELEMENTS--GENERAL INFORMATION
fixed length control field 020612n2002 000 0 eng u
035 ## - SYSTEM CONTROL NUMBER
System control number (Sirsi) u118394
050 ## - LIBRARY OF CONGRESS CALL NUMBER
Classification number 333.3321
110 ## - MAIN ENTRY--CORPORATE NAME
Corporate name or jurisdiction name as entry element Royal Institution of Chartered Surveyors
Subordinate unit Property Valuation Forum
9 (RLIN) 4260
245 ## - TITLE STATEMENT
Title Valuation of owner-occupied property for financial statements : annexes to the discussion paper prepared by the RICS Property Valuation Forum
260 ## - PUBLICATION, DISTRIBUTION, ETC.
Place of publication, distribution, etc. London
Name of publisher, distributor, etc. RICS
Date of publication, distribution, etc. 2002
300 ## - PHYSICAL DESCRIPTION
Extent 19p.
Dimensions 30cm.
520 ## - SUMMARY, ETC.
Summary, etc. Full text available on the RICS website at http://www.rics.org
650 ## - SUBJECT ADDED ENTRY--TOPICAL TERM
Topical term or geographic name entry element EXISTING USE VALUE
650 ## - SUBJECT ADDED ENTRY--TOPICAL TERM
Topical term or geographic name entry element OWNER-OCCUPIED PROPERTIES
690 ## - LOCAL SUBJECT ADDED ENTRY--TOPICAL TERM (OCLC, RLIN)
Topical term or geographic name as entry element PROPERTY-PROPERTY APPRAISAL AND VALUATION
710 ## - ADDED ENTRY--CORPORATE NAME
Corporate name or jurisdiction name as entry element Royal Institution of Chartered Surveyors
9 (RLIN) 4900
942 ## - ADDED ENTRY ELEMENTS (KOHA)
Suppress in OPAC 0
Holdings
Withdrawn status Lost status Source of classification or shelving scheme Damaged status Not for loan Home library Current library Shelving location Date acquired Total Checkouts Full call number Barcode Date last seen Copy number Price effective from Koha item type
    Dewey Decimal Classification     London London RICS Boxes 12/06/2002   RICS 2002/15 30066065 06/08/2019 1 06/08/2019 Archive
    Dewey Decimal Classification     London London Books 16/07/2002   RICS 2002/15 30066282 06/08/2019 2 06/08/2019 Book